000
00306nam a2200121Ia 4500
008
190723s9999 xx 000 0 und d
020
_a
13:978-00741558-1
100
_a
De Janasz
245
0
_a
Interpersonal Skils in Organisations
260
_a
New York
_b
McGraw Hill
_c
2011
300
_a
499
942
_c
BK
999
_c
1226
_d
1226